NLSUI OPAC header image

Taxation of e-commerce with special reference to India (Record no. 217031)

MARC details
000 -LEADER
fixed length control field 01367nam a2200145Ia 4500
005 - DATE AND TIME OF LATEST TRANSACTION
control field 20260209120130.0
008 - FIXED-LENGTH DATA ELEMENTS--GENERAL INFORMATION
fixed length control field 260209s9999||||xx |||||||||||||| ||und||
100 ## - MAIN ENTRY--PERSONAL NAME
Personal name Neha Shivangani
245 #0 - TITLE STATEMENT
Title Taxation of e-commerce with special reference to India
260 ## - PUBLICATION, DISTRIBUTION, ETC.
Place of publication, distribution, etc. BangaloreBangalore
Name of publisher, distributor, etc. NLSIU
Date of publication, distribution, etc. 2012
300 ## - PHYSICAL DESCRIPTION
Extent 96 p. ; 25 cm.
505 ## - FORMATTED CONTENTS NOTE
Formatted contents note TABLE OF CONTENTS CERTIFICATE DECLARATION ACKNOWLEDGEMENT TABLE OF CONTENTS TABLE OF CASES LIST OF ABBREVIATIONS LIST OF STATUTES CHAPTER 1 INTRODUCTION ; l.1 Research Methodology ; l.2 Objective ; l. 3 Hypothesis ; l.4 Research Questions l.5 Mode Of Citation; l.6 Literature Survey/Sources; l. 7 Scope And Limitation; CHAPTER 2 INTRODUCTION TO THE CONCEPT OF TAXATION AND ECOMMERCE; 2.1 Basic Concept of Taxation ; 2.2 Basic Concept of E-commerce ; 2.3 Should E-commerce be taxed? ; CHAPTER 3; ISSUES TO TAXATION OF E-COMMERCE; 3.1 Residence-Based Taxation ; 3.2 Source-Based Taxation ; 3.3 Permanent Establishment; 3.4 Characterisation of Income ; 3.5 Transfer Pricing ; CHAPTER 4; GLOBAL INCENTIVES FOR ADDRESSING TAX RELATED ISSUES OF ECOMMERCE; 4.1 OECD ; 4.2 WTO ; CHAPTERS TAXATION OF E-COMMERCE IN INDIA ; 5.1 Direct Taxation ; 5.2 Indirect Taxation ; CHAPTER 6; CONCLUSION ; BIBLIOGRAPHY .
700 ## - ADDED ENTRY--PERSONAL NAME
Personal name Dr. S B N Prakash - GuideDr. S B N Prakash - Guide
856 ## - ELECTRONIC LOCATION AND ACCESS
Uniform Resource Identifier <a href="https://dans.nls.ac.in/handle/123456789/1854">https://dans.nls.ac.in/handle/123456789/1854</a>
Holdings
Withdrawn status Lost status Damaged status Not for loan Home library Current library Date acquired Total Checkouts Barcode Date last seen Price effective from Koha item type
        . . 09.02.2026   LLM396 09.02.2026 09.02.2026 Dissertation